|
|
|
|
| LEADER |
00809cam a2200277 a 4500 |
| 001 |
003734 |
| 003 |
AR-BeUNQ |
| 005 |
20240710114240.0 |
| 008 |
961015s1963 ag 000 0 spa d |
| 999 |
|
|
|c 6510
|d 81897
|
| 040 |
|
|
|a AR-BeUNQ
|b spa
|c AR-BeUNQ
|e aacr
|
| 099 |
|
|
|a 35-K6
|
| 100 |
1 |
|
|a Kafka, Franz
|d 1883-1924
|
| 245 |
1 |
3 |
|a El proceso /
|c Franz Kafka ; traducción de Vicente Mendivil
|
| 250 |
|
|
|a 7a. ed.
|
| 260 |
|
|
|a Buenos Aires :
|b Losada,
|c 1963
|
| 300 |
|
|
|a 224 p. ;
|c 21 cm.
|
| 490 |
1 |
|
|a Novelistas de nuestra época
|
| 500 |
|
|
|a Traducción de: Der Prozess.
|
| 648 |
|
4 |
|a Siglo XX
|
| 650 |
|
7 |
|a Literatura (Arte)
|2 spines
|
| 655 |
|
7 |
|a Novelas
|2 ttll
|
| 700 |
1 |
|
|a Mendivil, Vicente
|e tr
|4 trl
|
| 830 |
|
0 |
|9 3253
|a Novelistas de nuestra época (Losada)
|l Español
|
| 929 |
|
|
|j 19497
|
| 942 |
|
|
|c LIB
|n 0
|